A decomposition strategy for designing flexible chemical plants /

Guardado en:
Autor Principal: Grossmann Ignacio E.
Otros Autores: Halemane, Keshava P.
Formato: Libro
Idioma:English
Publicado: Pittsburgh, Pa. : Design Research Center, 1981.
Materias:
Etiquetas: Agregar Etiqueta
Sin Etiquetas, Sea el primero en etiquetar este registro!
LEADER 00678nam a22001695a 4500
001 EIQ.libpla001364
008 060915s1981####paua##########000#0#eng#d
005 20070918113817.0
245 1 2 |a A decomposition strategy for designing flexible chemical plants /  |c Ignacio E. Grossmann and Keshava P. Halemane. 
260 |a Pittsburgh, Pa. :  |b Design Research Center,  |c 1981. 
300 |a [41] p. :  |b il., tablas ;  |c 27 cm. 
100 1 |a Grossmann Ignacio E. 
700 1 |a Halemane, Keshava P. 
650 4 |a Fábrica de productos químicos  |x Diseño de procesos. 
650 4 |a Chemical plants  |x Design of processes. 
040 |a AR-BbSID  |b spa  |c AR-BbSID 
859 |a AR-BbSID  |b BIB. PLAPIQUI  |h 628.51  |i G 1  |p 3327